[Event "North Austria-ch Seniors 65"]
[Site "Spitz am Donau"]
[Date "2017.10.14"]
[Round "7"]
[White "Aziz, Samir"]
[Black "Hicker, Harald"]
[Result "0-1"]
[WhiteElo "1540"]
[BlackElo "1979"]
[PlyCount "41"]
[EventDate "2017.10.08"]
[EventType "swiss"]
[EventRounds "7"]
[EventCountry "AUT"]
[SourceTitle "CBM 181 Extra"]
[Source "ChessBase"]
[SourceDate "2017.12.12"]
[SourceVersion "1"]
[SourceVersionDate "2017.12.12"]
[SourceQuality "1"]

1. e4 e5 2. Nf3 d6 3. Bc4 Be7 4. d4 exd4 5. Qxd4 Nf6 6. e5 dxe5 7. Qxd8+ Bxd8 8. Nxe5 0-0 9. 0-0 Nbd7 10. Nxd7 Bxd7 11. Nc3 Bf5 12. Bg5 Ne4 13. Nxe4 Bxe4 14. Bxd8 Raxd8 15. c3 Rd7 16. Rfe1 Bg6 17. Re2 Rfd8 18. Kf1 Kf8 19. Bb3 Bd3 20. Bd1 Bxe2+ 21. Ke1 0-1

[Event "North Austria-ch Seniors 65"]
[Site "Spitz am Donau"]
[Date "2017.10.13"]
[Round "6"]
[White "Hicker, Harald"]
[Black "Gradinger, Alois"]
[Result "1-0"]
[WhiteElo "1979"]
[BlackElo "1814"]
[PlyCount "84"]
[EventDate "2017.10.08"]
[EventType "swiss"]
[EventRounds "7"]
[EventCountry "AUT"]
[SourceTitle "CBM 181 Extra"]
[Source "ChessBase"]
[SourceDate "2017.12.12"]
[SourceVersion "1"]
[SourceVersionDate "2017.12.12"]
[SourceQuality "1"]

1. d4 Nf6 2. c4 e6 3. Nc3 d5 4. Bg5 Bb4 5. Qa4+ Nc6 6. e3 h6 7. Bxf6 Qxf6 8. cxd5 exd5 9. Bb5 Bxc3+ 10. bxc3 Bd7 11. Ne2 0-0 12. 0-0 a6 13. Bd3 Bf5 14. Bxf5 Qxf5 15. Ng3 Qe6 16. Rfe1 b5 17. Qc2 Rad8 18. a4 b4 19. a5 Rb8 20. Reb1 Rb5 21. cxb4 Nxb4 22. Qxc7 Rc8 23. Qf4 Qg6 24. Qf5 Qxf5 25. Nxf5 Rc2 26. Nd6 Rb8 27. Ra4 Rc6 28. Nf5 Rc4 29. h4 Kh8 30. Raa1 Rd8 31. Rc1 Rxc1+ 32. Rxc1 g6 33. Ng3 Rd6 34. Rb1 Na2 35. Ne2 Rc6 36. Rb2 Nc1 37. Nf4 g5 38. hxg5 hxg5 39. Nxd5 Nd3 40. Rb6 Rc1+ 41. Kh2 Nxf2 42. Rxa6 f5 1-0

[Event "AUT-ch Seniors"]
[Site "Wirt im Feld"]
[Date "2015.09.16"]
[Round "4"]
[White "Almer, Guenter"]
[Black "Hicker, Harald"]
[Result "1/2-1/2"]
[WhiteElo "1683"]
[BlackElo "2055"]
[PlyCount "101"]
[EventDate "2015.09.13"]
[EventType "swiss"]
[EventRounds "7"]
[EventCountry "AUT"]
[SourceTitle "EXT 2016"]
[Source "ChessBase"]
[SourceDate "2015.10.08"]
[SourceVersion "1"]
[SourceVersionDate "2015.10.08"]
[SourceQuality "1"]

1. c4 c5 2. Nc3 Nc6 3. g3 g6 4. Bg2 Bg7 5. Nf3 d6 6. 0-0 Nf6 7. d3 Rb8 8. Rb1 a6 9. a3 b5 10. cxb5 axb5 11. b4 cxb4 12. axb4 Bd7 13. Bd2 0-0 14. Qc1 Qc8 15. Bh6 Ng4 16. Bxg7 Kxg7 17. Qb2 f6 18. Rfc1 Qb7 19. h3 Nge5 20. Nxe5 fxe5 21. Ne4 Qb6 22. e3 Rfc8 23. Rc3 Nd8 24. Rxc8 Rxc8 25. Rc1 Nf7 26. Rxc8 Bxc8 27. Qc3 Bd7 28. h4 h6 29. Nd2 Nd8 30. Nb3 Ne6 31. Kf1 Qc7 32. Qxc7 Nxc7 33. Na1 Kf6 34. Ke2 d5 35. Nc2 e6 36. Kd2 Ke7 37. d4 e4 38. f3 exf3 39. Bxf3 g5 40. hxg5 hxg5 41. Be2 Kd6 42. Ne1 e5 43. Nf3 exd4 44. exd4 Bg4 45. Nxg5 Bxe2 46. Kxe2 Na6 47. Nf3 Nxb4 48. Kd2 Nc6 49. Kc3 Ke6 50. g4 Kf6 51. Kb3 1/2-1/2

[Event "AUT-chT2W 1213"]
[Site "Austria"]
[Date "2013.03.08"]
[Round "9.6"]
[White "Hicker, Harald"]
[Black "Csrnko, Werner"]
[Result "1-0"]
[WhiteElo "2107"]
[BlackElo "1934"]
[PlyCount "115"]
[EventDate "2012.10.05"]
[EventType "team-tourn"]
[EventRounds "11"]
[EventCountry "AUT"]
[SourceTitle "EXT 2014"]
[Source "ChessBase"]
[SourceDate "2013.11.20"]
[SourceVersion "1"]
[SourceVersionDate "2013.11.20"]
[SourceQuality "1"]
[WhiteTeam "Mozart"]
[BlackTeam "Zillertal"]
[WhiteTeamCountry "AUT"]
[BlackTeamCountry "AUT"]

1. d4 g6 2. c4 Nf6 3. Nc3 Bg7 4. e4 d6 5. Nf3 c6 6. Be2 Bg4 7. 0-0 0-0 8. h3 Bxf3 9. Bxf3 Nbd7 10. Be3 h6 11. Qc2 e5 12. d5 c5 13. a3 Ne8 14. Qd2 Kh7 15. Be2 f5 16. exf5 gxf5 17. f4 Qf6 18. Kh2 Nc7 19. Rae1 Qe7 20. g4 exf4 21. Bxf4 Ne5 22. Bd3 Qh4 23. Bxf5+ Kh8 24. Bg3 Qe7 25. Qe2 Rae8 26. Ne4 Qd8 27. Kg2 Nf7 28. Qd2 Ne5 29. b3 a6 30. Nxc5 Nxc4 31. bxc4 dxc5 32. d6 b5 33. Qc1 Na8 34. cxb5 axb5 35. Qxc5 Nb6 36. Qxb5 Qa8+ 37. Kh2 Rb8 38. d7 Nxd7 39. Bxb8 Rxb8 40. Qd3 Rb2+ 41. Re2 Be5+ 42. Kg1 Qa7+ 43. Rff2 Rxe2 44. Qxe2 Qxa3 45. Rf3 Qa1+ 46. Kg2 Nf6 47. Qd2 Kg7 48. Bc2 Qb2 49. Qd3 Bd4 50. Qg6+ Kf8 51. Qxh6+ Ke7 52. Qg6 Kd6 53. g5 Qc1 54. Rxf6+ Kc5 55. Qf5+ Kb4 56. Re6 Qg1+ 57. Kf3 Qf2+ 58. Kg4 1-0

[Event "Lienz op 17th"]
[Site "Lienz"]
[Date "2013.02.13"]
[Round "6"]
[White "Hicker, Harald"]
[Black "Granabetter, Josef"]
[Result "1-0"]
[WhiteElo "2072"]
[BlackElo "1961"]
[PlyCount "75"]
[EventDate "2013.02.09"]
[EventType "swiss"]
[EventRounds "9"]
[EventCountry "AUT"]
[SourceTitle "CBM 152 Extra"]
[Source "ChessBase"]
[SourceDate "2013.02.25"]
[SourceVersion "1"]
[SourceVersionDate "2013.02.25"]
[SourceQuality "1"]

1. d4 Nf6 2. c4 c5 3. Nf3 cxd4 4. Nxd4 e5 5. Nb5 d5 6. cxd5 Bc5 7. N5c3 0-0 8. g3 Bf5 9. Bg2 e4 10. 0-0 Qe7 11. Be3 Nbd7 12. Nd2 Bxe3 13. fxe3 Bg6 14. Nc4 Qb4 15. Qb3 a5 16. Rfd1 Rfc8 17. Rd4 Qxb3 18. axb3 Nc5 19. Ra3 Rd8 20. Nxa5 Rxa5 21. Rxa5 Nxb3 22. Rb5 Nxd4 23. exd4 Rd7 24. Bh3 Rd8 25. Rxb7 Ne8 26. Rd7 Ra8 27. d6 f5 28. Nd5 Nf6 29. Nxf6+ gxf6 30. e3 Kf8 31. Bf1 Ra1 32. Rd8+ Kf7 33. Kg2 Rc1 34. b3 Rc2+ 35. Kh3 Bh5 36. Bc4+ Kg7 37. Rg8+ Kh6 38. d7 1-0

[Event "Schwarzach op 26th"]
[Site "Schwarzach"]
[Date "2011.08.22"]
[Round "3"]
[White "Hicker, Harald"]
[Black "Niedermeier, Thomas"]
[Result "1/2-1/2"]
[WhiteElo "2066"]
[BlackElo "2153"]
[PlyCount "99"]
[EventDate "2011.08.20"]
[EventType "swiss"]
[EventRounds "9"]
[EventCountry "AUT"]
[SourceTitle "CBM 144 Extra"]
[Source "ChessBase"]
[SourceDate "2011.10.28"]
[SourceVersion "1"]
[SourceVersionDate "2011.10.28"]
[SourceQuality "1"]

1. d4 Nf6 2. Nf3 g6 3. c4 Bg7 4. Nc3 0-0 5. e4 d6 6. Be2 e5 7. d5 a5 8. 0-0 Na6 9. Ne1 Nc5 10. f3 Nh5 11. Nd3 Nxd3 12. Bxd3 Nf4 13. g3 Nxd3 14. Qxd3 Bh3 15. Rf2 f5 16. exf5 gxf5 17. Be3 b6 18. Qd2 Qf6 19. Nb5 Rf7 20. Kh1 Re8 21. Re1 Qg6 22. f4 Rfe7 23. fxe5 dxe5 24. d6 cxd6 25. Qxd6 Re6 26. Qd5 Kh8 27. c5 f4 28. Bc1 fxg3 29. Rf3 Bg4 30. Rxg3 e4 31. Nd6 Be5 32. Nxe8 Bxg3 33. hxg3 Bf3+ 34. Kh2 Qxe8 35. Bf4 bxc5 36. Qxc5 a4 37. Kg1 Qe7 38. Qxe7 Rxe7 39. Rc1 Re8 40. Kf2 Kg7 41. Ke3 Rd8 42. Be5+ Kg6 43. Bd4 h5 44. Rc5 Ra8 45. a3 Ra6 46. Kd2 Bg4 47. Ke3 Bf3 48. Kf4 Ra8 49. Rc6+ Kf7 50. Rc5 1/2-1/2

[Event "Schwarzach op 26th"]
[Site "Schwarzach"]
[Date "2011.08.20"]
[Round "1"]
[White "Hicker, Harald"]
[Black "Lund, Silas Esben"]
[Result "0-1"]
[WhiteElo "2066"]
[BlackElo "2388"]
[PlyCount "106"]
[EventDate "2011.08.20"]
[EventType "swiss"]
[EventRounds "9"]
[EventCountry "AUT"]
[SourceTitle "CBM 144 Extra"]
[Source "ChessBase"]
[SourceDate "2011.10.28"]
[SourceVersion "1"]
[SourceVersionDate "2011.10.28"]
[SourceQuality "1"]

1. d4 d5 2. c4 e6 3. Nc3 c6 4. cxd5 exd5 5. Nf3 Bd6 6. g3 Bf5 7. Bg2 Nd7 8. Nh4 Be6 9. e4 dxe4 10. Nxe4 Be7 11. 0-0 Ngf6 12. Bg5 0-0 13. Qc2 Nxe4 14. Bxe7 Qxe7 15. Bxe4 Nf6 16. Bf5 Bd5 17. Rfe1 Qb4 18. Qc3 Qb6 19. Ng2 g6 20. Bd3 Bxg2 21. Kxg2 Rad8 22. Rad1 Rxd4 23. Bxg6 Rxd1 24. Qxf6 fxg6 25. Qe6+ Rf7 26. Rxd1 Qxf2+ 27. Kh3 Qf5+ 28. Qxf5 Rxf5 29. Rd7 Rf7 30. Rd3 Kf8 31. Rb3 b6 32. Kg4 Ke7 33. h4 Rf5 34. Kh3 Kd6 35. g4 Rf7 36. Rd3+ Ke5 37. Kg3 c5 38. Rd2 b5 39. b3 c4 40. bxc4 bxc4 41. Re2+ Kd4 42. Re8 Rc7 43. Rd8+ Kc5 44. Kf3 Re7 45. Rc8+ Kd4 46. Rd8+ Kc3 47. Rb8 Kc2 48. h5 gxh5 49. gxh5 c3 50. h6 Re6 51. Rb7 Rxh6 52. Rxa7 Kb1 53. Ke2 Rb6 0-1

[Event "AUT-chT2W 1011"]
[Site "Austria"]
[Date "2011.03.11"]
[Round "9.6"]
[White "Mira, Helene"]
[Black "Hicker, Harald"]
[Result "1-0"]
[WhiteElo "2133"]
[BlackElo "2078"]
[PlyCount "49"]
[EventDate "2010.10.15"]
[EventType "team-tourn"]
[EventRounds "11"]
[EventCountry "AUT"]
[SourceTitle "EXT 2012"]
[Source "ChessBase"]
[SourceDate "2011.11.24"]
[SourceVersion "1"]
[SourceVersionDate "2011.11.24"]
[SourceQuality "1"]
[WhiteTeam "Bregenz"]
[BlackTeam "Mozart"]
[WhiteTeamCountry "AUT"]
[BlackTeamCountry "AUT"]

1. Nf3 d5 2. d4 Nf6 3. c4 c6 4. Nc3 e6 5. e3 Bb4 6. Bd3 0-0 7. 0-0 Nbd7 8. Qe2 Re8 9. Rd1 Qa5 10. Bd2 dxc4 11. Bxc4 Nd5 12. Qd3 Nxc3 13. bxc3 Bf8 14. Bb3 Qh5 15. e4 b6 16. e5 Bb7 17. Ng5 Rad8 18. Qg3 Be7 19. Bc2 Bxg5 20. Bxg5 Rb8 21. Re1 c5 22. Ba4 Bc8 23. Rab1 cxd4 24. cxd4 Qg6 25. Qe3 1-0

[Event "Liechtenstein op Seniors 10th"]
[Site "Triesen"]
[Date "2010.05.10"]
[Round "4"]
[White "Pribyl, Josef"]
[Black "Hicker, Harald"]
[Result "1-0"]
[WhiteElo "2323"]
[BlackElo "2065"]
[PlyCount "121"]
[EventDate "2010.05.07"]
[EventType "swiss"]
[EventRounds "9"]
[EventCountry "LIE"]
[SourceTitle "CBM 136 Extra"]
[Source "ChessBase"]
[SourceDate "2010.07.02"]
[SourceVersion "2"]
[SourceVersionDate "2010.07.15"]
[SourceQuality "1"]

1. c4 c5 2. Nf3 Nc6 3. Nc3 g6 4. g3 Bg7 5. Bg2 Nf6 6. 0-0 0-0 7. d4 cxd4 8. Nxd4 Nxd4 9. Qxd4 d6 10. Qd3 a6 11. Bd2 Rb8 12. Rfd1 Bd7 13. c5 Bc6 14. cxd6 Bxg2 15. Kxg2 exd6 16. Bf4 Re8 17. Qxd6 Qxd6 18. Bxd6 Rbc8 19. Rac1 Ng4 20. h3 Ne5 21. b3 f5 22. Nd5 Rxc1 23. Rxc1 Nc6 24. e3 Rd8 25. Ne7+ Kf7 26. Nxc6 Rxd6 27. Nd4 Rd7 28. Nf3 h6 29. h4 Bf6 30. Kf1 g5 31. hxg5 hxg5 32. Ke2 Ke6 33. Rc4 g4 34. Ne1 Be5 35. Nd3 Bd6 36. a4 Rh7 37. e4 fxe4 38. Rxe4+ Kf5 39. Ke3 Bb8 40. Re8 Ba7+ 41. Ke2 Rc7 42. Kd2 Rd7 43. Re5+ Kf6 44. Re4 Kg5 45. Kc3 Rc7+ 46. Kb4 Rc2 47. Re7 Bxf2 48. Nxf2 Rxf2 49. Rxb7 Rf3 50. Ka5 Rxg3 51. Kxa6 Re3 52. b4 Re6+ 53. Ka5 g3 54. Rc7 g2 55. Rc1 Kf4 56. b5 Re5 57. Ka6 Ke3 58. b6 Kf2 59. b7 Re8 60. Ka7 Re7 61. a5 1-0

[Event "Liechtenstein op Seniors 10th"]
[Site "Triesen"]
[Date "2010.05.08"]
[Round "2"]
[White "Schaad, Pierluigi"]
[Black "Hicker, Harald"]
[Result "0-1"]
[WhiteElo "1974"]
[BlackElo "2065"]
[PlyCount "138"]
[EventDate "2010.05.07"]
[EventType "swiss"]
[EventRounds "9"]
[EventCountry "LIE"]
[SourceTitle "CBM 136 Extra"]
[Source "ChessBase"]
[SourceDate "2010.07.02"]
[SourceVersion "2"]
[SourceVersionDate "2010.07.15"]
[SourceQuality "1"]

1. Nf3 Nf6 2. g3 g6 3. b3 Bg7 4. Bb2 0-0 5. Bg2 d6 6. d3 e5 7. Nbd2 Nbd7 8. 0-0 Nc5 9. h3 a5 10. a4 Rb8 11. d4 exd4 12. Nxd4 Ne6 13. N4f3 b6 14. Re1 Bb7 15. e3 Re8 16. Nc4 Nd7 17. Bxg7 Kxg7 18. Nd4 Bxg2 19. Nxe6+ Rxe6 20. Kxg2 Qf6 21. Qd4 Rbe8 22. Qxf6+ Nxf6 23. Rad1 d5 24. Nb2 c6 25. Nd3 Ne4 26. Nf4 R6e7 27. h4 h6 28. Ne2 f5 29. Rh1 Nf6 30. Nd4 Rc8 31. Rhe1 c5 32. Nb5 c4 33. Nd4 Kf7 34. Nb5 Re6 35. Nd4 Rd6 36. Nb5 Rd7 37. Rd4 cxb3 38. cxb3 Rc2 39. Rd3 Ne4 40. Rf1 Nc5 41. Rdd1 Nxb3 42. Nd4 Nxd4 43. Rxd4 Rc4 44. Rb1 Rxd4 45. exd4 Rd6 46. Rc1 Ke7 47. Rc7+ Kd8 48. Rh7 h5 49. Rg7 Rc6 50. Kf3 Rc4 51. Rxg6 Rxa4 52. Rd6+ Kc7 53. Rxd5 Kc6 54. Rxf5 Rxd4 55. Rxh5 a4 56. Ke3 a3 57. Rh8 Ra4 58. Rc8+ Kb5 59. Rc1 a2 60. Ra1 Kc4 61. h5 Kb3 62. h6 Kb2 63. Rxa2+ Kxa2 64. f4 Ra3+ 65. Kf2 b5 66. Kg2 b4 67. g4 b3 68. h7 Ra8 69. g5 b2 0-1

[Event "Liechtenstein Seniors op 09th"]
[Site "Triesen"]
[Date "2009.05.17"]
[Round "3"]
[White "Hicker, Harald"]
[Black "Weder, Hanspeter"]
[Result "1-0"]
[WhiteElo "2108"]
[BlackElo "1946"]
[PlyCount "107"]
[EventDate "2009.05.15"]
[EventType "swiss"]
[EventRounds "9"]
[EventCountry "LIE"]
[SourceTitle "CBM 130 Extra"]
[Source "ChessBase"]
[SourceDate "2009.07.02"]
[SourceVersion "2"]
[SourceVersionDate "2009.07.15"]
[SourceQuality "1"]

1. d4 d5 2. c4 e6 3. Nc3 Nf6 4. Bg5 Nbd7 5. e3 c6 6. cxd5 exd5 7. Bd3 h6 8. Bf4 Be7 9. h3 Nf8 10. Nf3 Ne6 11. Bh2 Bd6 12. Bxd6 Qxd6 13. Qc2 0-0 14. 0-0 Re8 15. Rab1 Bd7 16. b4 b6 17. Rfc1 Rac8 18. Ne5 Rc7 19. Nxd7 Nxd7 20. Qb2 Nf6 21. a4 Rb8 22. Rc2 Nd8 23. Rbc1 Re7 24. Ne2 Ne4 25. Bxe4 Rxe4 26. b5 Rc8 27. bxc6 Rxc6 28. Rxc6 Nxc6 29. Qb5 Na5 30. Rc8+ Kh7 31. Nc3 Re6 32. Qxd5 Qxd5 33. Nxd5 Rc6 34. Rxc6 Nxc6 35. Kf1 Kg6 36. Ke2 Kf5 37. Kd3 Ke6 38. e4 Na5 39. Kc3 Kd6 40. Ne3 Ke6 41. Nc4 Nb7 42. Kb4 Kd7 43. Kb5 Kc7 44. Ka6 Kb8 45. Ne5 Nd8 46. d5 f6 47. Nd3 Nb7 48. f4 Nd6 49. e5 fxe5 50. fxe5 Nc4 51. d6 g5 52. Kb5 Na5 53. e6 Kb7 54. Nc5+ 1-0

[Event "EU-chT Seniors 11th"]
[Site "Velden"]
[Date "2009.04.12"]
[Round "8"]
[White "Hicker, Harald"]
[Black "Niebuhr, Gerd"]
[Result "1/2-1/2"]
[WhiteElo "2108"]
[BlackElo "2048"]
[PlyCount "32"]
[EventDate "2009.04.05"]
[EventType "team-swiss"]
[EventRounds "9"]
[EventCountry "AUT"]
[SourceTitle "CBM 129 Extra"]
[Source "ChessBase"]
[SourceDate "2009.05.05"]
[SourceVersion "2"]
[SourceVersionDate "2009.05.20"]
[SourceQuality "1"]

1. d4 Nf6 2. Nf3 g6 3. c4 Bg7 4. Nc3 d5 5. cxd5 Nxd5 6. e4 Nxc3 7. bxc3 c5 8. Bc4 0-0 9. 0-0 Nc6 10. Bb2 Bg4 11. d5 Na5 12. Be2 Bxf3 13. Bxf3 Nc4 14. Qc2 Qa5 15. Rfc1 Bh6 16. Rd1 Bg7 1/2-1/2

[Event "EU-chT Seniors 11th"]
[Site "Velden"]
[Date "2009.04.09"]
[Round "5"]
[White "Aijala, Jouko"]
[Black "Hicker, Harald"]
[Result "1-0"]
[WhiteElo "2176"]
[BlackElo "2108"]
[PlyCount "65"]
[EventDate "2009.04.05"]
[EventType "team-swiss"]
[EventRounds "9"]
[EventCountry "AUT"]
[SourceTitle "CBM 129 Extra"]
[Source "ChessBase"]
[SourceDate "2009.05.05"]
[SourceVersion "2"]
[SourceVersionDate "2009.05.20"]
[SourceQuality "1"]

1. c4 c5 2. Nf3 Nc6 3. Nc3 g6 4. e3 e5 5. d4 cxd4 6. exd4 exd4 7. Nxd4 Bg7 8. Ndb5 a6 9. Nd6+ Kf8 10. Be3 Qa5 11. Qd2 Nge7 12. Be2 Bxc3 13. bxc3 Nf5 14. Nxf5 Qxf5 15. Bh6+ Ke7 16. Rd1 Re8 17. 0-0 f6 18. Bf3 Ne5 19. Qd6+ Kd8 20. Qb6+ Ke7 21. Rfe1 Qe6 22. Qb4+ Kd8 23. Bd5 a5 24. Qb1 Qa6 25. Be3 d6 26. Bb6+ Kd7 27. c5 Nc4 28. Rxe8 Nxb6 29. Rh8 Nxd5 30. Rxd5 Kc7 31. Rxh7+ Kb8 32. Rxd6 Bf5 33. Qd1 1-0

[Event "EU-chT Seniors 11th"]
[Site "Velden"]
[Date "2009.04.07"]
[Round "3"]
[White "Hicker, Harald"]
[Black "Birkestrand, Odd Helge"]
[Result "1-0"]
[WhiteElo "2108"]
[BlackElo "1859"]
[PlyCount "87"]
[EventDate "2009.04.05"]
[EventType "team-swiss"]
[EventRounds "9"]
[EventCountry "AUT"]
[SourceTitle "CBM 129 Extra"]
[Source "ChessBase"]
[SourceDate "2009.05.05"]
[SourceVersion "2"]
[SourceVersionDate "2009.05.20"]
[SourceQuality "1"]

1. d4 Nf6 2. Nf3 c5 3. c4 b5 4. cxb5 e6 5. e3 Bb7 6. Nc3 cxd4 7. Nxd4 g6 8. Bd2 Bg7 9. Nf3 0-0 10. Be2 a6 11. 0-0 axb5 12. Bxb5 Qb6 13. Qe2 d5 14. Na4 Rxa4 15. Bxa4 Ba6 16. Qe1 Bxf1 17. Qxf1 Qxb2 18. Qc1 Ne4 19. Qxb2 Bxb2 20. Rb1 Nxd2 21. Nxd2 Bc3 22. Nb3 Na6 23. Rc1 Bb2 24. Rb1 Bf6 25. Bb5 Nc7 26. a4 Rb8 27. Nc5 Be7 28. Nd7 Rb7 29. Ne5 Bd6 30. Nc6 Kf8 31. Kf1 Bc5 32. Ke2 Nxb5 33. axb5 Bb6 34. Kd3 Ke8 35. Kc3 f6 36. Kb4 Kd7 37. Ra1 e5 38. Ra8 d4 39. exd4 exd4 40. Kc4 Kd6 41. Nxd4 Bxd4 42. Rd8+ Ke5 43. Rxd4 Rc7+ 44. Kd3 1-0